Loading...
Religion | 0 | 8 | 1 | 2 | 75 | 79 | 108.63 | 0 | 2 |
History - World History | 0 | 4 | 2 | 0 | 30 | 106 | 119.00 | 0 | 0 |
Current Events | 0 | 2 | 0 | 1 | 20 | 117 | 133.00 | 0 | 0 |
History - Other History | 0 | 2 | 0 | 0 | 20 | 92 | 97.50 | 0 | 1 |
Philosophy | 0 | 1 | 0 | 1 | 10 | 143 | 143.00 | 0 | 0 |
Mythology | 0 | 1 | 0 | 0 | 10 | 145 | 145.00 | 0 | 0 |
History - American History | 0 | 1 | 0 | 1 | 10 | 149 | 149.00 | 0 | 0 |
History - European History | 0 | 1 | 0 | 0 | 10 | 89 | 89.00 | 0 | 0 |
Science - Biology | 0 | 1 | 0 | 0 | 10 | 97 | 97.00 | 0 | 0 |
Literature - World Literature | 0 | 1 | 1 | 0 | 5 | 90 | 90.00 | 0 | 1 |
Geography | 0 | 1 | 1 | 0 | 5 | 115 | 115.00 | 0 | 0 |
Literature - American Literature | 0 | 0 | 1 | 0 | -5 | 0.00 | 0 | 0 | |
Science - Chemistry | 0 | 0 | 1 | 0 | -5 | 0.00 | 0 | 0 | |
Science - Other Science | 0 | 0 | 1 | 0 | -5 | 0.00 | 0 | 0 | |
Social Science | 0 | 0 | 1 | 0 | -5 | 0.00 | 0 | 0 |